Statistics for World Map 30 X 32 Puzzle by Cities With at least 1 Million People

Click here to take the quiz!

General Stats

  • This quiz has been taken 2,050 times
  • The average score is 356 of 495

Answer Stats

CitiesPiece% Correct
New York, Chicago, Washington, Boston, Philadelphia, Detroit, Atlanta,..
97%
New York, Chicago, Washington, Boston, Philadelphia, Detroit, Atlanta,..
97%
New York, Chicago, Washington, Philadelphia, Dallas, Houston, Miami, D..
97%
New York, Chicago, Washington, Boston, Philadelphia, Detroit, Clevelan..
97%
New York, Chicago, Washington, Boston, Philadelphia, Detroit, Atlanta,..
97%
New York, Chicago, Washington, San Francisco, Philadelphia, Dallas, Ho..
96%
New York, Chicago, Washington, Boston, Philadelphia, Atlanta, Clevelan..
96%
New York, Washington, Philadelphia, Dallas, Houston, Miami, Atlanta, T..
96%
New York, Washington, Boston, Philadelphia, Detroit, Toronto, Montreal..
96%
New York, Washington, Boston, Philadelphia, Detroit, Toronto, Montreal..
96%
New York, Chicago, Washington, Boston, Philadelphia, Cleveland, Cincin..
96%
The Ruhr, Cologne / Dusseldorf, Frankfurt, Hamburg, Stuttgart, Munich,..
95%
The Ruhr, Cologne / Dusseldorf, Berlin, Hamburg, Munich, London, Rotte..
95%
The Ruhr, Cologne / Dusseldorf, Berlin, Hamburg, Munich, London, Rotte..
95%
The Ruhr, Cologne / Dusseldorf, Berlin, Frankfurt, Hamburg, Stuttgart,..
94%
The Ruhr, Cologne / Dusseldorf, Frankfurt, Hamburg, Stuttgart, Munich,..
94%
Frankfurt, Stuttgart, Milan, Naples, Rome, Istanbul, Ankara, Izmir, Ma..
94%
The Ruhr, Cologne / Dusseldorf, Berlin, Frankfurt, Hamburg, Stuttgart,..
94%
The Ruhr, Cologne / Dusseldorf, Berlin, Frankfurt, Hamburg, Stuttgart,..
94%
The Ruhr, Cologne / Dusseldorf, Berlin, Frankfurt, Hamburg, Stuttgart,..
94%
The Ruhr, Cologne / Dusseldorf, Berlin, Frankfurt, Hamburg, Stuttgart,..
94%
The Ruhr, Cologne / Dusseldorf, Berlin, Frankfurt, Hamburg, Stuttgart,..
94%
Shanghai, Beijing, Tianjin, Xiamen, Chengdu, Hangzhou, Wuhan, Shenyang..
94%
Shanghai, Beijing, Tianjin, Hangzhou, Wuhan, Shenyang, Nanjing, Xi'an,..
94%
Dallas, Houston, Miami, Tampa, Orlando, Mexico City, Guadalajara, Mont..
93%
Dallas, Houston, Miami, Tampa, Orlando, Mexico City, Guadalajara, Mont..
93%
Miami, Tampa, Orlando, San Juan, Mexico City, Puebla, Toluca, Havana, ..
93%
Frankfurt, Stuttgart, Birmingham, Manchester, Leeds, Milan, Madrid, Ba..
93%
The Ruhr, Cologne / Dusseldorf, Hamburg, London, Rotterdam, Amsterdam,..
93%
Berlin, Frankfurt, Stuttgart, Munich, Milan, Naples, Rome, Istanbul, A..
93%
Berlin, Warsaw, Moscow, Saint Petersburg, Stockholm, Kiev, Minsk, Nizh..
93%
Berlin, Frankfurt, Stuttgart, Munich, Istanbul, Ankara, Izmir, Katowic..
93%
Beijing, Tianjin, Shenyang, Qingdao, Harbin, Zhengzhou, Dalian, Taiyua..
93%
Beijing, Tianjin, Shenyang, Harbin, Dalian, Taiyuan, Shijiazhuang, Cha..
93%
Los Angeles, San Francisco, Seattle, Denver, Minneapolis, Salt Lake Ci..
93%
Los Angeles, San Francisco, Phoenix, Seattle, Denver, San Diego, Salt ..
93%
Los Angeles, Chicago, Dallas, Houston, Atlanta, Phoenix, Denver, Cleve..
92%
Chicago, Dallas, Houston, Miami, Atlanta, Tampa, Cleveland, Orlando, C..
92%
Miami, Tampa, Orlando, Mexico City, Guadalajara, Monterrey, Puebla, To..
92%
Naples, Rome, Istanbul, Ankara, Izmir, Cairo, Alexandria, Barcelona, D..
92%
Tehran, Naples, Rome, Istanbul, Ankara, Izmir, Cairo, Alexandria, Dama..
92%
Moscow, Saint Petersburg, Stockholm, Minsk, Nizhny Novgorod, Copenhage..
92%
Moscow, Saint Petersburg, Nizhny Novgorod, Helsinki, Kazan, Oslo, Voro..
92%
Moscow, Saint Petersburg, Stockholm, Minsk, Nizhny Novgorod, Kharkov, ..
92%
Berlin, Warsaw, Moscow, Kiev, Minsk, Nizhny Novgorod, Kharkov, Donetsk..
92%
Shanghai, Beijing, Tianjin, Hangzhou, Wuhan, Shenyang, Nanjing, Xi'an,..
92%
Guangzhou, Shanghai, Beijing, Tianjin, Xiamen, Chengdu, Hangzhou, Wuha..
92%
Shanghai, Xiamen, Chengdu, Hangzhou, Wuhan, Shenyang, Chongqing, Nanji..
92%
Los Angeles, Chicago, San Francisco, Phoenix, Denver, Cleveland, Minne..
92%
Los Angeles, San Francisco, Dallas, Houston, Atlanta, Phoenix, Denver,..
92%
Chicago, Boston, Detroit, Denver, Cleveland, Minneapolis, Cincinnati, ..
91%
Chicago, Boston, Detroit, Cleveland, Minneapolis, Cincinnati, St. Loui..
91%
The Ruhr, Cologne / Dusseldorf, Hamburg, London, Birmingham, Mancheste..
91%
Munich, Milan, Naples, Rome, Istanbul, Ankara, Izmir, Katowice, Madrid..
91%
Naples, Rome, Istanbul, Ankara, Izmir, Cairo, Alexandria, Barcelona, D..
91%
Tehran, Meshed, Isfahan, Istanbul, Ankara, Izmir, Cairo, Alexandria, D..
91%
Moscow, Saint Petersburg, Nizhny Novgorod, Helsinki
91%
Munich, Katowice, Moscow, Vienna, Budapest, Bucharest, Kiev, Minsk, Ni..
91%
Delhi, Lahore, Faisalabad, Gujranwala, Multan, Tehran, Meshed, Isfahan..
91%
Moscow, Saint Petersburg, Nizhny Novgorod, Yekaterinburg, Samara, Hels..
91%
Beijing, Tianjin, Chengdu, Shenyang, Chongqing, Xi'an, Qingdao, Zhengz..
91%
Beijing, Tianjin, Shenyang, Qingdao, Harbin, Zhengzhou, Dalian, Taiyua..
91%
Shanghai, Hangzhou, Wuhan, Nanjing, Hefei, Nanchang, Ningbo, Wuxi, Cha..
91%
Los Angeles, San Francisco, Phoenix, Denver, San Diego, Salt Lake City..
91%
Los Angeles, San Francisco, Dallas, Houston, Phoenix, San Diego, Las V..
91%
Los Angeles, Dallas, Houston, Phoenix, Denver, San Diego, Salt Lake Ci..
91%
Dallas, Houston, Miami, Atlanta, Tampa, Orlando, Charlotte, Monterrey,..
90%
New York, Washington, Philadelphia, Atlanta, Charlotte, Hartford, Virg..
90%
São Paulo, Rio de Janeiro, Brasília, Curitiba, Campinas, Goiânia, Asun..
90%
São Paulo, Rio de Janeiro, Belo Horizonte, Brasília, Salvador, Curitib..
90%
São Paulo, Rio de Janeiro, Belo Horizonte, Porto Alegre, Brasília, Cur..
90%
São Paulo, Rio de Janeiro, Porto Alegre, Brasília, Curitiba, Campinas,..
90%
São Paulo, Rio de Janeiro, Belo Horizonte, Brasília, Recife, Salvador,..
90%
São Paulo, Rio de Janeiro, Belo Horizonte, Brasília, Salvador, Curitib..
90%
The Ruhr, Cologne / Dusseldorf, Hamburg, London, Birmingham, Mancheste..
90%
Milan, Naples, Rome, Madrid, Barcelona, Algiers, Casablanca, Lisbon, T..
90%
Milan, Naples, Rome, Madrid, Barcelona, Algiers, Casablanca, Lisbon, T..
90%
Naples, Rome, Cairo, Alexandria, Algiers, Tel Aviv-Jaffa, Amman, Tunis..
90%
Isfahan, Istanbul, Ankara, Izmir, Cairo, Alexandria, Damascus, Aleppo,..
90%
Tehran, Naples, Rome, Istanbul, Ankara, Izmir, Damascus, Aleppo, Baku,..
90%
Tehran, Isfahan, Riyadh, Jeddah, Dammam, Cairo, Alexandria, Damascus, ..
90%
Moscow, Nizhny Novgorod, Yekaterinburg, Volgograd, Chelyabinsk, Samara..
90%
Moscow, Minsk, Nizhny Novgorod, Kharkov, Yekaterinburg, Donetsk, Volgo..
90%
Moscow, Nizhny Novgorod, Yekaterinburg, Chelyabinsk, Samara, Kazan, Om..
90%
Shanghai, Beijing, Tianjin, Chengdu, Hangzhou, Wuhan, Chongqing, Nanji..
90%
Beijing, Tianjin, Shenyang, Harbin, Dalian, Taiyuan, Shijiazhuang, Cha..
90%
Sydney, Melbourne, Perth, Adelaide
90%
Sydney, Melbourne, Brisbane, Perth, Adelaide
90%
Sydney, Melbourne, Adelaide
90%
Sydney, Melbourne, Adelaide
90%
Sydney, Melbourne, Brisbane, Adelaide
90%
Sydney, Melbourne, Brisbane, Auckland, Adelaide
90%
Sydney, Melbourne, Adelaide
90%
Sydney, Melbourne, Auckland, Adelaide
90%
Los Angeles, San Francisco, Denver, Salt Lake City, Portland, Las Vega..
90%
Los Angeles, San Francisco, Phoenix, San Diego, Las Vegas, Sacramento,..
90%
San Francisco, Detroit, Phoenix, Seattle, Denver, Minneapolis, Salt La..
90%
São Paulo, Porto Alegre, Curitiba, Campinas, Buenos Aires, Santiago, A..
89%
New York, Washington, Philadelphia, Hartford, Harrisburg, Richmond
89%
São Paulo, Porto Alegre, Curitiba, Campinas, Buenos Aires, Santiago, A..
89%
Madrid, Barcelona, Algiers, Casablanca, Lisbon, Tunis, Valencia, Rabat..
89%
Cairo, Alexandria, Barcelona, Algiers, Casablanca, Tunis, Valencia, Ra..
89%
Munich, Milan, Naples, Rome, Istanbul, Ankara, Izmir, Katowice, Vienna..
89%
Riyadh, Jeddah, Dammam, Cairo, Alexandria, Tel Aviv-Jaffa, Amman, Khar..
89%
Isfahan, Riyadh, Jeddah, Dammam, Cairo, Alexandria, Damascus, Aleppo, ..
89%
Delhi, Jaipur, Karachi, Lahore, Faisalabad, Rawalpindi, Hyderabad, Guj..
89%
Delhi, Mumbai, Kolkata, Ahmedabad, Pune, Surat, Jaipur, Lucknow, Kanpu..
89%
Guangzhou, Shanghai, Xiamen, Hangzhou, Wuhan, Shantou, Hong Kong, Nanj..
89%
Shenyang, Harbin, Changchun, Tokyo, Osaka, Nagoya, Sapporo, Seoul, Pyo..
89%
Shenyang, Qingdao, Zhengzhou, Jinan, Zibo, Xuzhou, Yantai, Tokyo, Osak..
89%
Shenyang, Tokyo, Osaka, Nagoya, Sapporo, Seoul, Pyongyang, Sendai, Ham..
89%
Dallas, Houston, Miami, Atlanta, Phoenix, Tampa, San Diego, Orlando, C..
88%
Detroit, Seattle, Minneapolis, Toronto, Vancouver, Kansas City, Milwau..
88%
São Paulo, Campinas, Santiago, Asunción, Lima, La Paz, Santa Cruz, San..
88%
São Paulo, Belo Horizonte, Brasília, Campinas, Goiânia, Asunción, Lima..
88%
São Paulo, Belo Horizonte, Brasília, Recife, Salvador, Campinas, Goiân..
88%
Madrid, Algiers, Casablanca, Lisbon, Tunis, Rabat, Oran, Sevilla, Fes,..
88%
Madrid, Algiers, Casablanca, Lisbon, Tunis, Rabat, Oran, Sevilla, Fes,..
88%
Berlin, Warsaw, Saint Petersburg, Stockholm, Copenhagen, Helsinki, Osl..
88%
Shanghai, Chengdu, Hangzhou, Wuhan, Chongqing, Nanjing, Xi'an, Hefei, ..
88%
Beijing, Tianjin, Xi'an, Harbin, Dalian, Taiyuan, Shijiazhuang, Changc..
88%
Guangzhou, Shantou, Hong Kong, Kunming, Nanning, Guiyang, Huizhou, Hyd..
88%
Xiamen, Wenzhou, Changsha, Fuzhou, Tokyo, Osaka, Nagoya, Taipei, Hengy..
88%
Sydney, Brisbane, Auckland
88%
Sydney, Auckland
88%
Sydney, Auckland
88%
Dallas, Houston, Miami, Phoenix, Tampa, San Diego, Orlando, Guadalajar..
88%
Mexico City, Puebla, Toluca, Maracaibo, Havana, Santo Domingo, Guatema..
87%
Miami, Tampa, Orlando, Monterrey, Havana, Santo Domingo, Port-au-Princ..
87%
Miami, Tampa, Orlando, San Juan, Havana, Santo Domingo, Port-au-Prince..
87%
Porto Alegre, Buenos Aires, Santiago, Asunción, Córdoba, Rosario, Mend..
87%
Buenos Aires, Santiago, Montevideo, Córdoba, Rosario, Mendoza, Valpara..
87%
Porto Alegre, Curitiba, Buenos Aires, Santiago, Asunción, Montevideo, ..
87%
Porto Alegre, Buenos Aires, Santiago, Asunción, Montevideo, Córdoba, R..
87%
Rio de Janeiro, Belo Horizonte, Brasília, Recife, Salvador, Fortaleza,..
87%
São Paulo, Rio de Janeiro, Belo Horizonte, Porto Alegre, Curitiba, Cam..
87%
Tehran, Meshed, Isfahan, Istanbul, Ankara, Izmir, Damascus, Aleppo, Ba..
87%
Delhi, Lahore, Faisalabad, Rawalpindi, Gujranwala, Multan, Tehran, Mes..
87%
Delhi, Jaipur, Karachi, Lahore, Faisalabad, Rawalpindi, Hyderabad, Guj..
87%
Delhi, Mumbai, Kolkata, Bengaluru, Hyderabad, Ahmedabad, Pune, Surat, ..
87%
Beijing, Tianjin, Xi'an, Dalian, Taiyuan, Shijiazhuang, Ürümqi, Lanzho..
87%
Guangzhou, Shanghai, Xiamen, Chengdu, Hangzhou, Wuhan, Shantou, Hong K..
87%
Beijing, Tianjin, Harbin, Dalian, Taiyuan, Shijiazhuang, Changchun, An..
87%
Tokyo, Osaka, Nagoya, Fukuoka, Okayama, Busan, Daegu, Kitakyushu, Hiro..
87%
Sydney, Brisbane
87%
Los Angeles, San Diego, Las Vegas, Guadalajara, Monterrey, Tijuana, Le..
87%
Mexico City, Guadalajara, Monterrey, Puebla, Toluca, Havana, Santo Dom..
86%
Buenos Aires, Santiago, Mendoza, Valparaíso
86%
San Juan, Mexico City, Puebla, Toluca, Maracaibo, Havana, Santo Doming..
86%
Buenos Aires, Santiago, Mendoza, Valparaíso
86%
Brasília, Salvador, Goiânia, Manaus, Lima, La Paz, Santa Cruz, Cochaba..
86%
São Paulo, Rio de Janeiro, Belo Horizonte, Campinas, Vitória, Santos
86%
Madrid, Barcelona, Casablanca, Lisbon, Valencia, Rabat, Oran, Sevilla,..
86%
Johannesburg, Cape Town, Durban, Maputo
86%
Johannesburg, Cape Town, Durban, Maputo, Port Elizabeth
86%
Johannesburg, Cape Town, Durban, Maputo, Port Elizabeth
86%
Johannesburg, Cape Town, Durban, Maputo, Port Elizabeth
86%
Istanbul, Ankara, Izmir, Damascus, Aleppo, Baku, Athens, Baghdad, Buch..
86%
Delhi, Ahmedabad, Surat, Jaipur, Lucknow, Kanpur, Indore, Patna, Bhopa..
86%
Chengdu, Chongqing, Delhi, Kolkata, Jaipur, Lucknow, Kanpur, Nagpur, B..
86%
Guangzhou, Shantou, Hong Kong, Kunming, Nanning, Guiyang, Huizhou, Kol..
86%
Bengaluru, Chennai, Hyderabad, Coimbatore, Medan, Dhaka, Chittagong, M..
86%
Guangzhou, Shantou, Hong Kong, Huizhou, Kaohsiung, Taichung, Manila, C..
86%
Tokyo, Osaka, Nagoya, Hamamatsu, Kumamoto, Shizuoka, Fuji
86%
Tokyo, Osaka, Nagoya, Hamamatsu, Shizuoka, Fuji
86%
Los Angeles, San Diego, Las Vegas, Tijuana, Ciudad Juárez, El Paso, Me..
86%
San Francisco, Seattle, Portland, Vancouver, Sacramento, Calgary, Edmo..
86%
Mexico City, Guadalajara, Monterrey, Puebla, Toluca, Havana, León, Ciu..
86%
Mexico City, Puebla, Toluca, Guatemala City, Barranquilla, San José, S..
85%
Mexico City, Puebla, Toluca, Maracaibo, Guatemala City, San José, San ..
85%
Bogotá, Medellín, Cali, Quito, Caracas, Maracaibo, Santo Domingo, Port..
85%
Brasília, Goiânia, Lima, La Paz, Santa Cruz, Cochabamba
85%
Rio de Janeiro, Belo Horizonte, Brasília, Salvador, Goiânia, Vitória
85%
Jeddah, Cairo, Alexandria, Khartoum, Sana'a, Mecca, Medina
85%
Mumbai, Pune, Riyadh, Jeddah, Dammam, Khartoum, Dubai, Sana'a, Doha, M..
85%
Ürümqi, Delhi, Lahore, Faisalabad, Rawalpindi, Gujranwala, Multan, Mes..
85%
Delhi, Ahmedabad, Surat, Jaipur, Lucknow, Kanpur, Indore, Patna, Bhopa..
85%
Xi'an, Ürümqi, Lanzhou, Delhi, Lucknow, Kanpur, Patna, Lahore, Faisala..
85%
Mumbai, Kolkata, Bengaluru, Chennai, Hyderabad, Ahmedabad, Pune, Surat..
85%
Nanning, Mumbai, Kolkata, Chennai, Hyderabad, Pune, Nagpur, Bhilai, Dh..
85%
Nanning, Chennai, Manila, Ho Chi Minh City, Hanoi, Kuala Lumpur, Yango..
85%
Medan, Manila, Cebu, Ho Chi Minh City, Kuala Lumpur, Singapore, Colomb..
85%
Jakarta, Bandung, Medan, Ho Chi Minh City, Kuala Lumpur, Singapore, Se..
85%
Guangzhou, Shanghai, Xiamen, Chengdu, Hangzhou, Wuhan, Shantou, Hong K..
85%
Sydney
85%
Seattle, Denver, Minneapolis, Salt Lake City, Portland, Vancouver, Cal..
85%
Bogotá, Medellín, Cali, Guayaquil, Caracas, Maracaibo, Guatemala City,..
84%
San Juan, Bogotá, Medellín, Cali, Caracas, Maracaibo, Santo Domingo, G..
84%
Bogotá, Medellín, Cali, Guayaquil, Quito, Caracas, Maracaibo, Barranqu..
84%
Manaus, Bogotá, Medellín, Cali, Guayaquil, Quito, Lima
84%
Cairo, Alexandria, Medina, Tripoli
84%
Rawalpindi, Tehran, Meshed, Isfahan, Riyadh, Dammam, Damascus, Aleppo,..
84%
Mumbai, Kolkata, Ahmedabad, Pune, Surat, Jaipur, Nagpur, Indore, Bhila..
84%
Kunming, Guiyang, Delhi, Kolkata, Hyderabad, Ahmedabad, Surat, Jaipur,..
84%
Mumbai, Kolkata, Bengaluru, Chennai, Hyderabad, Pune, Nagpur, Bhilai, ..
84%
Jakarta, Medan, Kuala Lumpur, Singapore, Palembang, George Town, Batam..
84%
Jakarta, Medan, Ho Chi Minh City, Kuala Lumpur, Singapore, Phnom Penh,..
84%
Jakarta, Bandung, Surabaya, Kuala Lumpur, Singapore, Semarang, Makassa..
84%
Guangzhou, Xiamen, Shantou, Hong Kong, Wenzhou, Changsha, Fuzhou, Nann..
84%
San Francisco, Seattle, Portland, Vancouver, Sacramento, Stockton
84%
Mexico City, Guadalajara, Puebla, Toluca, Guatemala City, León, Torreó..
84%
Mexico City, Guadalajara, Puebla, Toluca, Guatemala City, San Salvador..
84%
San Juan, Bogotá, Medellín, Cali, Caracas, Maracaibo, Barranquilla, Sa..
83%
Porto Alegre, Curitiba, Buenos Aires, Montevideo, Córdoba, Rosario
83%
Frankfurt, Stuttgart, Birmingham, Manchester, Leeds, Paris, Brussels, ..
83%
Lagos, Port Harcourt, Douala, Yaoundé, Accra, Luanda, Kinshasa, Nairob..
83%
Saint Petersburg, Stockholm, Copenhagen, Helsinki, Oslo
83%
Lagos, Port Harcourt, Douala, Yaoundé, Accra, Addis Ababa, Nairobi, Ka..
83%
Jaipur, Karachi, Hyderabad, Tehran, Isfahan, Riyadh, Jeddah, Dammam, T..
83%
Mumbai, Bengaluru, Chennai, Hyderabad, Ahmedabad, Pune, Surat, Indore,..
83%
Nanning, Mumbai, Kolkata, Chennai, Hyderabad, Ahmedabad, Pune, Surat, ..
83%
Jakarta, Bandung, Medan, Singapore, Semarang, Makassar, Palembang, Geo..
83%
Guangzhou, Xiamen, Chengdu, Shantou, Hong Kong, Chongqing, Wenzhou, Ch..
83%
Jakarta, Surabaya, Kuala Lumpur, Singapore, Makassar, Palembang, Denpa..
83%
Seattle, Portland, Vancouver, Calgary, Edmonton
83%
Seattle, Portland, Vancouver, Calgary, Edmonton
83%
Bogotá, Medellín, Cali, Guayaquil, Quito, Maracaibo, San José, San Sal..
82%
Bogotá, Medellín, Cali, Guayaquil, Quito, San José, Panama City
82%
Manaus, Quito, Lima, La Paz
82%
Belém, Manaus, Bogotá, Medellín, Cali, Quito, Caracas, Maracaibo, Vale..
82%
Belém, Manaus, Bogotá, Medellín, Cali, Guayaquil, Quito, Caracas, Mara..
82%
Buenos Aires, Montevideo, Córdoba, Rosario
82%
Porto Alegre, Buenos Aires, Montevideo
82%
Porto Alegre, Buenos Aires, Montevideo
82%
Los Angeles, Las Vegas
82%
Jakarta, Bandung, Surabaya, Singapore, Semarang, Makassar, Palembang, ..
82%
Medan, Manila, Cebu, Ho Chi Minh City, Kuala Lumpur, Singapore, Makass..
82%
Jakarta, Bandung, Surabaya, Singapore, Semarang, Makassar, Palembang, ..
82%
Melbourne, Perth, Adelaide
82%
Guangzhou, Shanghai, Xiamen, Hangzhou, Wuhan, Shantou, Hong Kong, Nanj..
82%
Melbourne, Perth, Adelaide
82%
Seattle, Vancouver, Calgary, Edmonton
82%
Seattle, Vancouver, Calgary, Edmonton
82%
Seattle, Vancouver, Calgary, Edmonton
82%
Lagos, Ibadan, Abuja, Port Harcourt, Douala, Yaoundé, Accra, Abidjan, ..
81%
Lagos, Ibadan, Abuja, Port Harcourt, Douala, Yaoundé, Accra, Abidjan, ..
81%
Chennai, Medan, Ho Chi Minh City, Kuala Lumpur, Yangon, Colombo, Bangk..
81%
Medan, Ho Chi Minh City, Kuala Lumpur, Singapore, Colombo, Bangkok, Ge..
81%
Guangzhou, Shantou, Hong Kong, Huizhou, Kaohsiung, Taichung, Manila, C..
81%
Mexico City, Guadalajara, Puebla, Toluca, León, Aguascalientes, Cuerna..
81%
Lima, La Paz
80%
Lima, La Paz, Santa Cruz, Cochabamba
80%
Belém, Manaus, Bogotá, Medellín, Cali, Guayaquil, Quito, Maracaibo, Va..
80%
Lima, La Paz, Santa Cruz, Cochabamba
80%
Recife, Manaus, Lima, Santa Cruz, Cochabamba, João Pessoa, Maceió
80%
Milan, Madrid, Lisbon, Lyon, Turin, Marseille, Porto, Bordeaux
80%
Lagos, Kano, Ibadan, Abuja, Port Harcourt, Douala, Accra, Kumasi, Ouag..
80%
Lagos, Port Harcourt, Douala, Accra, Luanda, Kinshasa, Brazzaville, Mb..
80%
Luanda, Kinshasa, Nairobi, Dar es Salaam, Kampala, Lusaka, Brazzaville..
80%
Johannesburg, Antananarivo, Maputo, Lusaka, Harare, Lubumbashi, Lilong..
80%
Johannesburg, Durban, Maputo, Lusaka, Harare, Lubumbashi
80%
Johannesburg, Antananarivo, Maputo, Harare, Lilongwe
80%
Seattle, Vancouver
80%
Mumbai, Kolkata, Bengaluru, Chennai, Hyderabad, Ahmedabad, Pune, Surat..
80%
Shanghai, Xiamen, Chengdu, Hangzhou, Wuhan, Chongqing, Nanjing, Xi'an,..
80%
Bogotá, Medellín, Cali, Guayaquil, Guatemala City, San José, Panama Ci..
79%
Miami, Tampa, Orlando, San Juan, Melbourne
79%
Buenos Aires
79%
Belém, Bogotá, Medellín, Cali, Caracas, Maracay
79%
Lagos, Kano, Ibadan, Abuja, Port Harcourt, Douala, Accra, Kumasi, Ouag..
79%
Lagos, Kano, Ibadan, Abuja, Port Harcourt, Douala, Yaoundé, Accra, Kum..
79%
Lagos, Kano, Ibadan, Abuja, Port Harcourt, Douala, Yaoundé, Accra, Kum..
79%
Johannesburg, Durban, Maputo, Harare, Port Elizabeth
79%
Riyadh, Jeddah, Dammam, Tel Aviv-Jaffa, Amman, Khartoum, Dubai, Sana'a..
79%
Rio de Janeiro, Porto Alegre, Curitiba, Montevideo, Vitória, Córdoba, ..
78%
Lagos, Ibadan, Abuja, Port Harcourt, Douala, Yaoundé, Accra, Kumasi, O..
78%
Yaoundé, Kinshasa, Nairobi, Dar es Salaam, Kampala, Brazzaville, Mbuji..
78%
Saint Petersburg, Helsinki, Oslo
78%
Kinshasa, Nairobi, Dar es Salaam, Kampala, Brazzaville, Mbuji-Mayi, Mo..
78%
Johannesburg, Antananarivo, Maputo
78%
Bengaluru, Chennai, Hyderabad, Coimbatore, Medan, Ho Chi Minh City, Co..
78%
Xiamen, Chengdu, Chongqing, Wenzhou, Changsha, Kunming, Fuzhou, Nannin..
78%
Jakarta, Bandung, Surabaya, Semarang, Palembang, Denpasar, Malang, Yog..
78%
Jakarta, Bandung, Surabaya, Semarang, Palembang, Denpasar, Malang, Yog..
78%
Manila, Cebu, Ho Chi Minh City, Kuala Lumpur, Phnom Penh, Davao, Chonb..
78%
Jakarta, Bandung, Surabaya, Semarang, Makassar, Palembang, Denpasar, M..
78%
Jakarta, Surabaya, Makassar, Palembang, Denpasar, Malang, Serang, Band..
78%
Lima
77%
Guayaquil, Lima
77%
Lagos, Port Harcourt, Douala, Accra, Kumasi, Abidjan, Conakry, Dakar, ..
77%
Lagos, Kano, Ibadan, Abuja, Port Harcourt, Douala, Yaoundé, Accra, Kum..
77%
Johannesburg, Maputo, Harare
77%
Addis Ababa, Nairobi, Sana'a, Mogadishu
77%
Yaoundé, Addis Ababa, Nairobi, Dar es Salaam, Kampala, Mogadishu, Momb..
77%
Addis Ababa, Nairobi, Dar es Salaam, Kampala, Mbuji-Mayi, Mogadishu, M..
77%
Johannesburg, Durban, Maputo
77%
Johannesburg, Durban, Maputo, Port Elizabeth
77%
Jakarta, Palembang, Serang, Bandar Lampung
77%
Detroit, Toronto, Milwaukee
76%
Curitiba, Santiago, Asunción, La Paz, Córdoba, Rosario, Mendoza, Valpa..
76%
Madrid, Lisbon, Porto
76%
Addis Ababa, Nairobi, Mogadishu
76%
Mumbai, Bengaluru, Chennai, Pune, Coimbatore, Colombo, Madurai, Cochin..
76%
Guangzhou, Xiamen, Shantou, Hong Kong, Wenzhou, Changsha, Fuzhou, Nann..
76%
Shenyang, Harbin, Changchun, Sapporo, Seoul, Pyongyang, Daqing, Jilin,..
76%
Johannesburg, Maputo
75%
Rawalpindi, Tehran, Meshed, Kabul, Baku, Tashkent, Peshawar, Alma-Ata,..
75%
Mumbai, Bengaluru, Hyderabad, Ahmedabad, Pune, Surat, Indore, Coimbato..
75%
Manila, Cebu, Ho Chi Minh City, Davao, Angeles
75%
Rio de Janeiro, Curitiba, Vitória
74%
Rio de Janeiro, Vitória
74%
Tehran, Baku, Bucharest, Alma-Ata, Kharkov, Tabriz, Yerevan, Donetsk, ..
74%
Ahmedabad, Surat, Indore, Bhopal, Isfahan, Riyadh, Jeddah, Dammam, Kuw..
74%
Mumbai, Bengaluru, Chennai, Pune, Coimbatore, Madurai, Cochin, Tirupur..
74%
Melbourne, Brisbane, Adelaide
74%
Brasília, Recife, Salvador, Fortaleza, Goiânia, Belém, Manaus, São Luí..
73%
Luanda, Kinshasa, Dar es Salaam, Kampala, Lusaka, Harare, Brazzaville,..
73%
Brisbane, Perth
73%
Lagos, Port Harcourt, Douala, Accra, Kumasi, Abidjan, Lomé, Cotonou, B..
72%
Yaoundé, Luanda, Kinshasa, Dar es Salaam, Kampala, Brazzaville, Mbuji-..
72%
Luanda, Nairobi, Dar es Salaam, Lusaka, Lubumbashi, Mbuji-Mayi, Mombas..
72%
Nairobi, Dar es Salaam, Kampala, Mogadishu, Mombasa, Kigali
72%
Manila, Cebu, Phnom Penh, Davao, Chonburi, Angeles
72%
Santiago, Mendoza, Valparaíso
71%
Santiago, Asunción, Mendoza, Valparaíso
71%
Santiago, Córdoba, Rosario, Mendoza, Valparaíso
71%
Boston, Montreal, Buffalo, Ottawa
71%
Boston, Montreal, Buffalo, Ottawa
71%
Boston, Montreal, Buffalo, Ottawa
71%
Nairobi, Dar es Salaam, Mbuji-Mayi, Mogadishu, Mombasa
71%
Perth
71%
Perth
71%
Perth
71%
Perth
71%
Perth
71%
Perth
71%
Perth
71%
Perth
71%
Manila, Cebu, Davao, Angeles
71%
Luanda, Kinshasa, Lusaka, Harare, Brazzaville, Lubumbashi, Lilongwe
70%
Kano, Addis Ababa, Khartoum, Sana'a, Ndjamena, Niamey, Maiduguri
70%
Jeddah, Addis Ababa, Khartoum, Sana'a, Mecca, Ndjamena, Maiduguri
70%
Kano, Ibadan, Abuja, Kumasi, Ouagadougou, Abidjan, Conakry, Bamako, Da..
69%
Birmingham, Manchester, Leeds, Liverpool, Glasgow, Sheffield, Newcastl..
69%
Luanda, Kinshasa, Lusaka, Brazzaville, Lubumbashi, Mbuji-Mayi
69%
Jeddah, Addis Ababa, Khartoum, Sana'a, Mecca, Medina
69%
Bengaluru, Coimbatore, Addis Ababa, Sana'a, Mogadishu, Tirupur, Mysore..
69%
Bengaluru, Coimbatore, Addis Ababa, Colombo, Mogadishu, Madurai, Cochi..
69%
San Juan, Caracas, Maracaibo, Santo Domingo, Port-au-Prince, Barranqui..
68%
Luanda, Kinshasa, Brazzaville
68%
Ibadan, Abuja, Yaoundé, Addis Ababa, Khartoum, Kampala, Kaduna, Ndjame..
68%
Ibadan, Abuja, Kumasi, Ouagadougou, Abidjan, Conakry, Bamako, Dakar, K..
67%
Saint Petersburg, Helsinki
67%
Melbourne, Adelaide
67%
Melbourne, Adelaide
67%
San Juan, Caracas, Santo Domingo, Port-au-Prince, Barranquilla, Maraca..
66%
Nairobi, Mogadishu
66%
Brisbane, Auckland
66%
Cape Town, Durban
65%
Cape Town, Durban, Port Elizabeth
65%
Cape Town, Durban, Port Elizabeth
65%
Cape Town, Durban, Port Elizabeth
65%
Chennai, Medan, Kuala Lumpur, Colombo, Madurai, George Town, Cochin, T..
65%
Fortaleza, Belém, Manaus, Quito, São Luís, Natal, Teresina
64%
Fortaleza, Belém, Manaus, Quito, São Luís, Natal, Teresina
64%
Kano, Kumasi, Ouagadougou, Conakry, Bamako, Dakar, Freetown, Niamey, N..
64%
Algiers, Tunis, Tripoli, Agadir, Marrakesh, Sousse
64%
Kano, Ibadan, Abuja, Yaoundé, Ouagadougou, Bamako, Khartoum, Kaduna, N..
64%
Medan, Singapore, Colombo, George Town, Batam, Pekanbaru, Tiruchirappa..
64%
Cape Town
63%
Kano, Ibadan, Abuja, Ouagadougou, Bamako, Khartoum, Kaduna, Ndjamena, ..
63%
Cape Town, Port Elizabeth
63%
Cape Town
63%
Cape Town, Port Elizabeth
63%
Cape Town
63%
Manaus, Guayaquil, Quito
62%
Ouagadougou, Conakry, Bamako, Dakar, Freetown, Nouakchott
62%
Ouagadougou, Conakry, Bamako, Dakar, Freetown, Nouakchott
62%
Jeddah, Khartoum, Mecca, Ndjamena, Tripoli, Maiduguri
62%
Ürümqi, Alma-Ata, Novosibirsk, Ulan Bator, Omsk
62%
Kano, Kumasi, Ouagadougou, Bamako, Dakar, Niamey, Nouakchott
61%
Abidjan, Kinshasa, Brazzaville, Monrovia
61%
Kano, Khartoum, Sana'a, Ndjamena, Niamey, Maiduguri
61%
Jeddah, Khartoum, Sana'a, Mecca, Ndjamena, Maiduguri
61%
Addis Ababa, Mogadishu, Madurai, Cochin
61%
San Juan, Havana, Santo Domingo, Port-au-Prince, Mérida
60%
Belém, Caracas, Maracaibo, Valencia, Maracay, Barquisimeto, Bucaramang..
60%
Ürümqi, Rawalpindi, Kabul, Tashkent, Peshawar, Alma-Ata, Srinagar, Oms..
60%
Bengaluru, Coimbatore, Medan, Colombo, Mogadishu, Madurai, George Town..
60%
Caracas, Conakry, Freetown, Maracay
59%
Casablanca, Rabat, Oran, Sevilla, Fes, Agadir, Marrakesh, Málaga
59%
Casablanca, Rabat, Oran, Sevilla, Fes, Agadir, Marrakesh, Málaga
59%
Ürümqi, Meshed, Baku, Tashkent, Alma-Ata, Tabriz, Yerevan, Volgograd, ..
59%
Ürümqi, Baotou, Rawalpindi, Kabul, Tashkent, Peshawar, Huhehot, Alma-A..
59%
Ürümqi, Baotou, Huhehot, Alma-Ata, Yinchuan, Ulan Bator, Chifeng
59%
San Juan, Caracas, Barranquilla, Maracay
58%
Casablanca, Rabat, Oran, Sevilla, Fes, Málaga
58%
Antananarivo, Dar es Salaam, Lusaka, Harare, Lubumbashi, Mombasa, Lilo..
58%
Baku, Kiev, Kharkov, Tabriz, Yerevan, Donetsk, Volgograd, Chelyabinsk,..
57%
Ürümqi, Novosibirsk, Ulan Bator, Krasnoyarsk
57%
Auckland
56%
Auckland
56%
Auckland
56%
Kumasi, Conakry, Dakar, Freetown
55%
Ürümqi, Tashkent, Alma-Ata, Novosibirsk, Volgograd, Chelyabinsk, Omsk,..
55%
Guayaquil, Quito
54%
Novosibirsk, Ulan Bator, Omsk, Krasnoyarsk
54%
Recife, Salvador, Fortaleza, Belém, Manaus, São Luís, Natal, João Pess..
53%
Luanda, Lusaka, Harare, Lubumbashi
53%
Luanda, Lusaka, Harare, Lubumbashi, Mbuji-Mayi, Lilongwe
53%
Belo Horizonte, Recife, Salvador, Fortaleza, São Luís, Natal, João Pes..
52%
Dakar, Nouakchott
52%
Dakar, Nouakchott
52%
Ürümqi, Tashkent, Alma-Ata, Novosibirsk
52%
Novosibirsk, Ulan Bator, Krasnoyarsk
52%
Cebu, Singapore, Makassar, Davao, Batam, Pekanbaru
52%
Antananarivo, Lusaka, Harare, Lubumbashi, Lilongwe
51%
Antananarivo, Dar es Salaam, Mombasa, Lilongwe
51%
Guangzhou, Shantou, Hong Kong, Huizhou, Kaohsiung, Taichung, Zhuhai, T..
51%
Recife, Fortaleza, Belém, Manaus, São Luís, Natal, João Pessoa, Maceió..
50%
Dakar
50%
Birmingham, Manchester, Leeds, Liverpool, Glasgow, Sheffield, Newcastl..
49%
Alma-Ata, Kharkov, Yekaterinburg, Donetsk, Volgograd, Chelyabinsk, Dne..
49%
Luanda, Lusaka, Lubumbashi
47%
Antananarivo, Lusaka, Lubumbashi, Lilongwe
47%
Antananarivo, Harare, Lilongwe
47%
Alma-Ata, Novosibirsk, Yekaterinburg, Chelyabinsk, Samara, Omsk, Ufa, ..
47%
Chengdu, Chongqing, Xi'an, Qingdao, Zhengzhou, Jinan, Zibo, Lanzhou, X..
47%
Brisbane
47%
Brisbane
47%
Brisbane
47%
Brisbane
47%
Brisbane
47%
Recife, Fortaleza, Belém, São Luís, Natal, João Pessoa, Maceió, Teresi..
46%
Recife, Salvador, Fortaleza, São Luís, Natal, João Pessoa, Maceió, Ter..
46%
Belo Horizonte, Recife, Salvador, João Pessoa, Maceió
46%
Ulan Bator, Krasnoyarsk
46%
Guatemala City, San José, Panama City
46%
Honolulu
45%
Honolulu
45%
Honolulu
45%
Honolulu
45%
Birmingham, Manchester, Leeds, Liverpool, Sheffield, Newcastle upon Ty..
45%
Baotou, Huhehot, Daqing, Yinchuan, Ulan Bator, Qiqihar, Chifeng
45%
Honolulu
45%
Minneapolis, Calgary, Edmonton
44%
Recife, Fortaleza, São Luís, Natal, João Pessoa, Maceió, Teresina
42%
Luanda
42%
Antananarivo, Lilongwe
42%
Novosibirsk, Yekaterinburg, Volgograd, Chelyabinsk, Samara, Kazan, Oms..
42%
Cebu, Kuala Lumpur, Davao
42%
Antananarivo
41%
Antananarivo
41%
Antananarivo
41%
Antananarivo
41%
San Francisco, Sacramento, Stockton
40%
Novosibirsk, Yekaterinburg, Chelyabinsk, Kazan, Omsk, Ufa, Perm, Krasn..
40%
Ürümqi, Novosibirsk, Chelyabinsk, Omsk, Ufa, Krasnoyarsk
40%
Ouagadougou, Bamako, Agadir, Marrakesh, Nouakchott
38%
Mogadishu, Madurai, Cochin
38%
San Diego, Guadalajara, Tijuana, León, Torreón, Querétaro, San Luis Po..
38%
Novosibirsk, Yekaterinburg, Omsk, Perm, Krasnoyarsk
37%
San Juan, Santo Domingo, Port-au-Prince
35%
Fortaleza, Belém, São Luís, Natal, Teresina
31%
Fortaleza, Belém, São Luís, Natal, Teresina
31%
Recife, João Pessoa, Maceió
31%
Yekaterinburg, Chelyabinsk, Kazan, Ufa, Perm
31%
Harbin, Changchun, Sapporo, Daqing, Jilin, Sendai, Qiqihar
31%
Harbin, Changchun, Sapporo, Jilin, Sendai
30%
Abidjan, Conakry, Freetown, Monrovia
28%
Abidjan, Conakry, Freetown, Monrovia
28%
Kano, Niamey
28%
Dar es Salaam, Mombasa
27%
San Diego, Tijuana, Mexicali
27%
San Diego, Tijuana, Torreón, Mexicali
27%
Bandung, Surabaya, Semarang, Makassar, Denpasar, Malang, Yogyakarta, S..
24%
Bandung, Surabaya, Semarang, Makassar, Denpasar, Malang, Yogyakarta, S..
24%
Sapporo, Daqing, Qiqihar
24%
Sapporo, Daqing, Qiqihar
24%
Guadalajara, León, Aguascalientes
24%
Guatemala City
24%
Novosibirsk, Krasnoyarsk
23%
Sapporo
23%
Fortaleza, São Luís, Natal, Teresina
21%
Belo Horizonte
20%
Harbin, Changchun, Daqing, Jilin, Qiqihar
20%
Salvador
19%
Portland
19%
Surabaya, Denpasar, Malang
19%
Surabaya, Denpasar, Malang
19%
Surabaya, Denpasar, Malang
19%
San Juan, Nouakchott
16%
Harare
16%
Durban
16%
Cebu, Davao
16%
Cebu, Davao
16%
Cebu, Davao
16%
Guayaquil
15%
Guayaquil
15%
Bandung, Semarang, Yogyakarta, Surakarta
13%
Bandung, Semarang, Yogyakarta, Surakarta
13%
Bandung, Semarang, Yogyakarta, Surakarta
13%
Porto Alegre
11%
San Juan
9%
Krasnoyarsk
5%

Score Distribution

Percentile by Number Answered

Percent of People with Each Score

Your Score History

You have not taken this quiz